<?xml version="1.0" encoding="UTF-8"?>
<record
    xmlns:xsi="http://www.w3.org/2001/XMLSchema-instance"
    xsi:schemaLocation="http://www.loc.gov/MARC21/slim http://www.loc.gov/standards/marcxml/schema/MARC21slim.xsd"
    xmlns="http://www.loc.gov/MARC21/slim">

  <leader>00511nam a22001577a 4500</leader>
  <datafield tag="999" ind1=" " ind2=" ">
    <subfield code="c">1892</subfield>
    <subfield code="d">1892</subfield>
  </datafield>
  <controlfield tag="008">200206b           ||||| |||| 00| 0 eng d</controlfield>
  <datafield tag="082" ind1="0" ind2="0">
    <subfield code="a">621.81</subfield>
    <subfield code="b">B4771</subfield>
  </datafield>
  <datafield tag="100" ind1=" " ind2=" ">
    <subfield code="9">1493</subfield>
    <subfield code="a">Bentley, Wallace.</subfield>
  </datafield>
  <datafield tag="245" ind1="1" ind2="0">
    <subfield code="a">Questions in machine construction and drawing. Stages 1, 2, and 3. For use of students preparing for engineering examinations, etc</subfield>
  </datafield>
  <datafield tag="250" ind1=" " ind2=" ">
    <subfield code="a">9th</subfield>
  </datafield>
  <datafield tag="260" ind1=" " ind2=" ">
    <subfield code="a">Manchestar</subfield>
    <subfield code="b">Bentley publication</subfield>
    <subfield code="c">1943</subfield>
  </datafield>
  <datafield tag="300" ind1=" " ind2=" ">
    <subfield code="a">50p.</subfield>
  </datafield>
  <datafield tag="365" ind1=" " ind2=" ">
    <subfield code="d">1.06</subfield>
  </datafield>
  <datafield tag="650" ind1=" " ind2="0">
    <subfield code="a">Machine Drawing</subfield>
  </datafield>
  <datafield tag="942" ind1=" " ind2=" ">
    <subfield code="c">BK</subfield>
  </datafield>
  <datafield tag="952" ind1=" " ind2=" ">
    <subfield code="0">0</subfield>
    <subfield code="1">0</subfield>
    <subfield code="2">ddc</subfield>
    <subfield code="4">0</subfield>
    <subfield code="6">621_810000000000000_B4771</subfield>
    <subfield code="7">0</subfield>
    <subfield code="9">4889</subfield>
    <subfield code="a">CL</subfield>
    <subfield code="b">CL</subfield>
    <subfield code="d">1953-03-12</subfield>
    <subfield code="e">A. H. Wheeler </subfield>
    <subfield code="o">621.81 B4771</subfield>
    <subfield code="p">01597</subfield>
    <subfield code="r">2020-02-06</subfield>
    <subfield code="y">BK</subfield>
  </datafield>
  <datafield tag="952" ind1=" " ind2=" ">
    <subfield code="0">0</subfield>
    <subfield code="1">1</subfield>
    <subfield code="2">ddc</subfield>
    <subfield code="4">0</subfield>
    <subfield code="6">621_810000000000000_B4771</subfield>
    <subfield code="7">0</subfield>
    <subfield code="9">12278</subfield>
    <subfield code="a">CL</subfield>
    <subfield code="b">CL</subfield>
    <subfield code="d">1953-03-12</subfield>
    <subfield code="e">A. H. Wheeler </subfield>
    <subfield code="o">621.81 B4771</subfield>
    <subfield code="p">01596</subfield>
    <subfield code="r">2020-07-24</subfield>
    <subfield code="y">BK</subfield>
  </datafield>
  <datafield tag="952" ind1=" " ind2=" ">
    <subfield code="0">0</subfield>
    <subfield code="1">1</subfield>
    <subfield code="2">ddc</subfield>
    <subfield code="4">0</subfield>
    <subfield code="6">621_810000000000000_B4771</subfield>
    <subfield code="7">0</subfield>
    <subfield code="9">12279</subfield>
    <subfield code="a">CL</subfield>
    <subfield code="b">CL</subfield>
    <subfield code="d">1953-03-12</subfield>
    <subfield code="e">A. H. Wheeler </subfield>
    <subfield code="o">621.81 B4771</subfield>
    <subfield code="p">01598</subfield>
    <subfield code="r">2020-07-24</subfield>
    <subfield code="y">BK</subfield>
  </datafield>
</record>
